000 00356nam a22001577a 4500
003 MPLRDC
005 20220104144308.0
008 210129b ||||| |||| 00| 0 eng d
082 _a859.6 LZY
100 _a李筑媛著
245 _a苗幼青青
_c
260 _a
_b人民企业有限公司
_c
300 _b
650 _a
942 _cBK
_o859.6 LZY
999 _c48232
_d48222